Parkovací dom pri Steel Aréne je už "na spadnutie" motoristi si počas zápasov odložia autá do garáže

Bibliographic Details
Main Author: Podhorská, Kveta (Author)
Format: Article
Language:Slovak
PhysicalDescription:Fotogr.
ISSN:1335-4566
Subjects:

MARC

LEADER 00000nab a2200000 a 4500
001 vtls008700263
003 SK-MaSNL
005 20260305044652.0
008 060515c20060513xo drz 0 0slo
038 |a KEVKJB 
040 |a KEVKJB  |b slo  |c KEVKJB  |e AACR2 
041 0 |a slo 
044 |a xo  |c SK 
080 |a 725.826:796.966  |2 2001 
080 |a 711.553.2  |2 2001 
100 1 |a Podhorská, Kveta  |4 aut  |9 872973 
245 1 0 |a Parkovací dom pri Steel Aréne je už "na spadnutie"  |b motoristi si počas zápasov odložia autá do garáže  |c Kveta Podhorská 
300 |b Fotogr. 
610 2 7 |a Steel Aréna (Košice, Slovensko)  |2 kevkjb  |9 1033573 
650 0 7 |a parkovacie domy  |x projekty  |2 kevkjb  |9 1628121 
650 0 7 |a zimné štadióny  |2 kevkjb  |9 76138 
651 7 |a Košice (Slovensko)  |2 kevkjb  |9 18694 
773 0 |t Košický denník Korzár  |g Roč. IX, č. 109 (13.5.2006), s. 2  |x 1335-4566 
852 |a KEVKJB  |b KIS3GCP 
999 |c 3359939  |d 3361869